000 00442 a2200157 4500
005 20250607084939.0
020 _a0-07-048660-3
082 _aLECT 658.041 HIS
100 _aHISRICH, R. D.
245 _aEntrepreneurship.
250 _a5th Ed.
260 _aNew Delhi,
_bTata McGraw-Hill Publishing Company Limited,
_c2002.
300 _axix, 663p.: ill.; figure, table
_bGlossary & Index
_c25cm.
700 _aPETERS, M. P.
942 _2ddc
_cBKS
999 _c3385
_d3385